| 000 | 00846nam a2200229Ia 4500 | ||
|---|---|---|---|
| 003 | Ost | ||
| 005 | 20260507075017.0 | ||
| 008 | 260507s9999||||xx |||||||||||||| ||und|| | ||
| 020 | _a8344279953 | ||
| 040 | _cfsecg | ||
| 041 | _aara | ||
| 082 | _a659.1 | ||
| 100 |
_aعبد القادر، مصطفى _eمؤلف |
||
| 245 | 0 |
_aدور الإعلان في التسويق السياحي / _c مصطفى عبد القادر |
|
| 260 |
_aبيروت: _bالمؤسسة الجامعية, _c2003 |
||
| 300 |
_a248 صفحة؛ _bإيضاحات ؛ _c24 سم |
||
| 520 | _aالإعلان والسياحة وموقف الإسلام منها-السياحة في مصر ولبنان- التسويق السياحي المباشر بالإعلان | ||
| 653 | _aالاعلان | ||
| 653 | _aالتسويق | ||
| 653 | _aالسياحة | ||
| 942 | _cكتاب | ||
| 999 |
_c42223 _d42223 |
||